000 00575nam a2200181Ia 4500
008 090124s9999 xx 000 0 und d
082 _b104640
100 _aघारपुरे रत्नप्रभा
245 _a लिलूच्या लिला
250 _a2
260 _c1954
300 _a21
600 _aघारपुरे रत्नप्रभा
630 _a लिलूच्या लिला
700 _aघारपुरे रत्नप्रभा
730 _a लिलूच्या लिला
942 _cBOOK
999 _c150732
_d150732